000 00580nam a2200205Ia 4500
005 20250923150121.0
008 008 250917s9999 xx 000 0 eng d
037 _aTextual
040 _aDSWL
_beng
_cDSWL
041 _aeng
_2eng
084 _aY15-31:1:72, N87
_qDSWL
100 _aAcharya, Sarthi
_9842413
245 0 _aWomen and rural development in the third world
_c by Sarthi Acharya
260 _aBombay
_bTISS
_c1987
300 _a91p.
365 _aINR
_b30
925 _g30
942 _cTEXL
_hY15-31:1:72, N87
999 _c1459739
_d1459739